000 00873nam a22002417a 4500
999 _c8742
_d8742
003 AR-CdUCM
008 190325b ||||| |||| 00| 0 spa d
040 _aMUNICIPALIDAD PROVINCIAL DEL CUSCO
_cBIBLIOTECA MUNICIPAL DEL CUSCO
041 _heng
082 _a804 /
_bE39
100 _aEliot, T.S.
_914543
245 _aFunción de la poesía y función de la crítica /
260 _aBarcelona :
_bSeix Barral,
_c1968.
300 _a165 páginas ;
_c18 cm.
500 _aTitulo original: The use poetry and use of criticism.
505 _aApéndice, sobre el desarrollo del gusto en materia de poesía -- Apología de la condesa de Pembroke -- Época de Dryden ...
650 _aCrítica literaria
_92609
650 _aPoesías
_92272
650 _aPoesía inglesa
_91071
700 _aGil de Biedma, Jaime (traductor)
_924401
942 _2ddc
_cLIBROS
945 _aacv